000 01240nam0a2200265 i 4500
001 RU\NLR\bibl\307923
005 20241221121502.0
035 _a(NLR Aleph) 000303068
090 _a5306
_c5306
100 _a20020626d1996 |||y0rusy50 ca
101 0 _arus
102 _aRU
105 _aa dm |||||
200 1 _aЭкономико-статистический анализ современного состояния черной металлургии России и качества металлопродукции
_e(на примере железнодорожных рельсов)
_bAвтореф. дис. на соиск. учен. степ. к.э.н.
_eСпец. 08.00.11
_fКречетова Марина Александровна
_g[Моск. гос. ун-т экономики, статистики и информатики]
210 _aМ.
_d1996
215 _a24
_d20
_cил.
320 _aБиблиогр.: стр. 24 (5 назв.)
686 _a08.00.11
_2oksvnk
700 1 _aКречетова
_bМ. А.
_gМарина Александровна
801 0 _aRU
_bNLR
_c20020918
_gPSBO
801 1 _aRU
_bNLR
_c20020918
852 _aNLR
_j98-4/18101
942 _cBOOK